000 00780nam a22002177a 4500
005 20150625152135.0
010 _aENG-112951
020 _c2195.00
_a9788180388477
035 _aEN-96483
037 _bDBAD/PUB
082 _a340.0917645
100 _aMulla, Dinshaw Fardunji
245 _aMulla Hindu law :
_bwith a general introduction to Hindu law ...........adoption & maintenance act, 1956 /
_cby Dinshaw Fardunji Mulla
250 _a21st updated ed Satyajeet A. Desai
260 _aGurgoan
_bLexisNexis
_c2013
270 _bGurgoan
_e122002
_a14th Floor, Building No. 10, Tower-B, DLF Cyber City, Phase-II
300 _accli,1465p.
_c25cm(Hb)
500 _aIncludes index
700 _aDesai, Satyajeet A.
942 _2ddc
_cEN
_mMUL
_h340.0917645
999 _c93453
_d93453